Who Scored The Goal? (Fenerbahçe 21/22) - Statistics

General Stats
  • This quiz has been taken 38 times
  • The average score is 30 of 73
Answer Stats
Matches Scorer % Correct
Adana Demirspor - Fenerbahçe46' 0-1 Mesut Özil
88%
Galatasaray - Fenerbahçe90+4' 1-2 Miguel Crespo
81%
Galatasaray - Fenerbahçe31' 1-1 Mesut Özil
75%
Fenerbahçe - Beşiktaş14' 1-0 Mesut Özil
75%
Fenerbahçe - Beşiktaş30' 2-1 Mergim Berisha
69%
Fenerbahçe - Çaykur Rizespor70' 2-0 Serdar Dursun
69%
Fenerbahçe - Çaykur Rizespor79' 3-0 Serdar Dursun
69%
Fenerbahçe - Çaykur Rizespor90' 4-0 Serdar Dursun
69%
Altay - Fenerbahçe51' 0-1 Ferdi Kadıoğlu
63%
Alanyaspor - Fenerbahçe90+4' 2-5 Mergim Berisha
63%
Fenerbahçe - Galatasaray26' 1-0 Miha Zajc
63%
Fenerbahçe - Galatasaray68' 2-0 Serdar Dursun
63%
Alanyaspor - Fenerbahçe78' 2-3 Arda Güler
56%
Trabzonspor - Fenerbahçe3' 0-1 Diego Rossi
56%
Fenerbahçe - Giresunspor64' 2-0 Mesut Özil
56%
Gaziantep FK - Fenerbahçe67' 2-2 Miha Zajc
56%
Fenerbahçe - Hatayspor67' 1-0 Serdar Dursun
56%
Fenerbahçe - Hatayspor81' 2-0 Serdar Dursun
56%
Kayserispor - Fenerbahçe90+3' 0-4 Arda Güler
50%
Fenerbahçe - Göztepe83' 2-0 Arda Güler
50%
Beşiktaş - Fenerbahçe6' 0-1 Filip Novak
50%
Konyaspor - Fenerbahçe84' 2-1 İrfan Can Kahveci
50%
Kayserispor - Fenerbahçe54' 0-3 İrfan Can Kahveci
50%
Fenerbahçe - Kayserispor90+9' 2-2 Mesut Özil
50%
Gaziantep FK - Fenerbahçe30' 1-1 Mesut Özil
50%
Kasımpaşa - Fenerbahçe6' 0-1 Miha Zajc
50%
Fenerbahçe - Trabzonspor71' 1-1 Miha Zajc
50%
Fenerbahçe - Göztepe4' 1-0 Serdar Aziz
50%
Çaykur Rizespor - Fenerbahçe45+3' 0-2 Serdar Dursun
50%
Çaykur Rizespor - Fenerbahçe45+9' 0-3 Serdar Dursun
50%
Çaykur Rizespor - Fenerbahçe51' 0-4 Serdar Dursun
50%
Fenerbahçe - Sivasspor23' 1-0 Bright Osayi-Samuel
44%
Kayserispor - Fenerbahçe45' 0-2 Diego Rossi
44%
Altay - Fenerbahçe55' 0-2 Enner Valencia
44%
Yeni Malatyaspor - Fenerbahçe89' 0-5 Enner Valencia
44%
Fatih Karagümrük - Fenerbahçe40' 1-1 Mesut Özil
44%
Alanyaspor - Fenerbahçe26' 0-1 Diego Rossi
38%
Fenerbahçe - Antalyaspor90+2' 2-0 Enner Valencia
38%
Yeni Malatyaspor - Fenerbahçe75' 0-3 İrfan Can Kahveci
38%
Fenerbahçe - Antalyaspor89' 1-0 Miha Zajc
38%
Yeni Malatyaspor - Fenerbahçe32' 0-1 Serdar Dursun
38%
Fenerbahçe - Konyaspor88' 2-1 Dimitrios Pelkas
31%
Yeni Malatyaspor - Fenerbahçe77' 0-4 Enner Valencia
31%
Fenerbahçe - Giresunspor2' 1-0 Ferdi Kadıoğlu
31%
Fenerbahçe - Altay37' 1-1 İrfan Can Kahveci
31%
Fenerbahçe - Kasımpaşa16' 1-0 Mergim Berisha
31%
Alanyaspor - Fenerbahçe50' 0-2 Mesut Özil
31%
Fenerbahçe - Kayserispor85' 1-2 Miha Zajc
31%
Sivasspor - Fenerbahçe18' 0-1 Miha Zajc
31%
Göztepe - Fenerbahçe48' 1-1 Serdar Dursun
31%
Antalyaspor - Fenerbahçe72' 0-1 Serdar Dursun
31%
Hatayspor - Fenerbahçe17' 0-1 Diego Rossi
25%
Çaykur Rizespor - Fenerbahçe9' 0-1 Diego Rossi
25%
Fenerbahçe - Gaziantep FK5' 1-0 Diego Rossi
25%
Fenerbahçe - Yeni Malatyaspor73' 2-0 Dimitrios Pelkas
25%
Giresunspor - Fenerbahçe53' 1-2 Dimitrios Pelkas
25%
Fenerbahçe - Adana Demirspor29' 1-0 Enner Valencia
25%
Giresunspor - Fenerbahçe30' 1-1 Enner Valencia
25%
Çaykur Rizespor - Fenerbahçe65' 0-5 Enner Valencia
25%
Fenerbahçe - Çaykur Rizespor13' 1-0 Mergim Berisha
25%
Kayserispor - Fenerbahçe16' 0-1 Miha Zajc
25%
Fenerbahçe - Alanyaspor80' 1-1 Serdar Dursun
25%
Fenerbahçe - Altay71' 2-1 Serdar Dursun
25%
Fenerbahçe - Gaziantep FK62' 2-0 Serdar Dursun
25%
Kasımpaşa - Fenerbahçe90+1' 1-2 Attila Szalai
19%
Alanyaspor - Fenerbahçe90' 2-4 Dimitrios Pelkas
19%
Fenerbahçe - Konyaspor66' 1-1 Kim Min-Jae
19%
Fenerbahçe - Kasımpaşa45+5' 2-0 Luiz Gustavo
19%
Fenerbahçe - Gaziantep FK82' 3-1 Miha Zajc
19%
Çaykur Rizespor - Fenerbahçe76' 0-6 Nazım Sangare
19%
Yeni Malatyaspor - Fenerbahçe57' 0-2 Serdar Aziz
19%
Hatayspor - Fenerbahçe29' 0-2 Filip Novak
13%
Fenerbahçe - Yeni Malatyaspor 10' 1-0 Filip Novak
13%
No matching quizzes found
Score Distribution
Percent of People with Each Score
Percentile by Number Answered
Your Score History
You have not taken this quiz